[Event "American Continental-ch 2018"]
[Site "Montevideo"]
[Date "2018.06.07"]
[Round "8"]
[White "Martinez Alcantara, Jose Eduardo"]
[Black "Thavandiran, Shiyam"]
[Result "1-0"]
[WhiteElo "2539"]
[BlackElo "2417"]
[Annotator "TA"]
[PlyCount "123"]
[EventDate "2018.??.??"]
[EventType "swiss"]
[EventCountry "URU"]
[SourceTitle "playchess.com"]
[Source "ChessBase"]
[SourceQuality "1"]

{[%evp 23,123,54,66,37,50,37,45,20,20,34,46,20,49,43,58,65,53,62,64,85,96,95,104,8,28,29,31,29,168,155,166,157,160,158,169,124,121,129,134,136,134,138,138,138,138,138,136,131,271,164,319,299,509,498,566,518,695,558,721,287,951,943,935,882,818,747,635,671,549,599,773,643,923,840,1254,1047,4133,2781,29947,5097,12609,5666,5612,4694,4745,2240,29966,29968,29976,29977,29980,29981,29980,29982,29982,29983,29985,29985,29986,29987,29989,29990]} 1. c4 c5 2. Nf3 Nf6 3. g3 e6 4. Bg2 a6 5. Nc3 Qc7 6. O-O d6 7. b3 Be7 8. Bb2 b6 9. d4 cxd4 10. Nxd4 Bb7 11. e4 Nbd7 12. Qe2 O-O {LiveBook: 19 Games} 13. h3 {A30: Symmetrical English: Double Fianchetto and Hedgehog} (13. Rad1 Rfe8 14. f4 Bf8 15. Nf3 Rad8 16. Kh1 g6 17. e5 dxe5 18. fxe5 Ng4 19. Ne4 Bxe4 20. Qxe4 h5 {0-1 (55) Rotstein,A (2534)-Bromberger,S (2510) Austria 2010}) 13... Rfe8 14. Rac1 Rac8 15. Kh2 {White is slightly better.} Bf8 16. f4 Qb8 17. Rce1 $146 {aiming for e5.} ({Predecessor:} 17. Nf3 b5 18. e5 Bxf3 19. Rxf3 dxe5 20. fxe5 Nxe5 {0-1 (41) Van Riemsdijk,D (2280)-Milos,G Nova Friburgo 1980}) 17... g6 18. e5 Bxg2 19. Kxg2 Nh5 20. Ne4 dxe5 21. fxe5 Qxe5 22. Qf2 $36 {[%mdl 2048] White is really pushing.} f6 23. Qd2 (23. g4 $16 Nf4+ 24. Qxf4 Qxf4 25. Rxf4) 23... Qc7 {White must now prevent ...Nc5.} 24. g4 Nc5 $1 {[%cal Rc5e4]} 25. gxh5 Nxe4 (25... Qb7 $1 $11 {and Black is okay.}) 26. Rxe4 $18 Qb7 {[#]} 27. Rfe1 $1 {Strongly threatening Nf3.} f5 28. Nxf5 $1 gxf5 29. Qg5+ Bg7 {[#]} 30. Bxg7 $1 {[%mdl 512]} Qxg7 31. Qxg7+ Kxg7 32. Rxe6 Rxe6 33. Rxe6 $16 {[%mdl 4096] Endgame KR-KR} b5 34. cxb5 axb5 35. Kf3 Rc2 (35... Ra8 $16 36. Re5 b4) 36. Ra6 b4 $2 (36... h6 37. Rg6+ Kh7) 37. h6+ $18 Kg8 $2 (37... Kf7 38. Kf4 Rc5) 38. Kf4 Rh2 39. Kxf5 Rxh3 40. Ke5 Rd3 41. Ra7 $2 (41. Ke6 Re3+ 42. Kf6 Rf3+ 43. Ke7 Re3+ 44. Kd6) 41... Rd2 $2 (41... Rh3 42. Rg7+ Kh8) 42. Ke6 {Threatening mate with Ra8+.} Re2+ 43. Kd5 Rc2 44. Kd6 Rh2 45. Kc5 Rxh6 46. Kxb4 Rf6 47. Re7 h5 48. a4 {[%cal Ba2a4,Ba4a5][%mdl 32]} h4 49. a5 Rh6 50. Re1 Kf7 51. Kb5 Rh5+ 52. Kb6 Rh6+ 53. Kc7 h3 54. b4 {[%cal Bb3b4,Bb4b5,Bb5b6][%mdl 32]} h2 55. Rh1 {White mates.} Ke6 56. a6 Rh4 57. b5 Kd5 58. a7 Rh7+ 59. Kb6 Rh6+ 60. Kb7 Rh7+ 61. Ka6 Rh6+ 62. b6 {Precision: White = 71%, Black = 35%.} 1-0

[Event "American Continental-ch 2018"]
[Site "Montevideo"]
[Date "2018.06.07"]
[Round "8"]
[White "El Debs, Felipe De Cresce"]
[Black "Xiong, Jeffery"]
[Result "1/2-1/2"]
[WhiteElo "2537"]
[BlackElo "2656"]
[Annotator "TA"]
[PlyCount "51"]
[EventDate "2018.??.??"]
[EventType "swiss"]
[EventCountry "URU"]
[SourceTitle "playchess.com"]
[Source "ChessBase"]
[SourceQuality "1"]

{[%evp 14,51,31,25,36,36,40,33,39,37,39,32,34,35,25,22,42,34,32,45,27,37,82,78,88,84,81,79,87,33,42,53,56,30,21,0,0,0,0,0]} 1. e4 c5 2. Nf3 d6 3. Bb5+ Nd7 4. d4 cxd4 5. Qxd4 a6 6. Bxd7+ Bxd7 7. Nc3 Rc8 {B51: Sicilian: Moscow Variation (3 Bb5+) without 3...Bd7} (7... e5 8. Qd3 Rc8 9. O-O Qc7 10. a4 Be7 11. Rd1 h6 12. Nd2 Nf6 13. Nf1 O-O 14. Ne3 Be6 15. a5 Rfd8 {½-½ (58) Demchenko,A (2660)-Vachier Lagrave,M (2789) Riadh 2017}) 8. e5 {LiveBook: 3 Games} Bc6 $146 ({Predecessor:} 8... dxe5 9. Nxe5 Nf6 10. Bf4 Bb5 11. Qxd8+ Rxd8 12. a4 Bc6 13. Nxc6 bxc6 14. Ke2 e6 15. Rhd1 {1-0 (52) Jovanovic,Z (2536)-Palac,M (2551) Pozega 2018}) 9. exd6 Qxd6 {White is slightly better.} 10. Qxd6 exd6 11. Bf4 Bxf3 12. gxf3 Rc4 13. Be3 Ne7 14. O-O-O Nf5 15. Rhe1 $36 {[%mdl 2048] White has some pressure.} Be7 16. Nd5 Bd8 17. b3 Rc8 18. Bf4+ Kd7 {[#]} 19. Ne3 $1 {[%cal Re3f5]} Rc5 20. Nxf5 Rxf5 21. Bxd6 ({Better is} 21. Rxd6+ $16 Kc8 22. Re4 Rxf4 {[#]} 23. Rxd8+ $1 {[%mdl 512]} (23. Rxf4 Bg5 $14) 23... Kxd8 24. Rxf4) 21... Kc6 $14 22. Re4 b5 23. Be5 {And now Rd6+ would win.} Bg5+ $1 24. Kb1 {Rd6+ is the strong threat.The position is equal.} Rd8 25. Rxd8 Bxd8 26. Re3 1/2-1/2

[Event "American Continental-ch 2018"]
[Site "Montevideo"]
[Date "2018.06.07"]
[Round "8"]
[White "Di Berardino, Diego Rafael"]
[Black "Cruz, Cristhian"]
[Result "1/2-1/2"]
[WhiteElo "2525"]
[BlackElo "2576"]
[Annotator "TA"]
[PlyCount "100"]
[EventDate "2018.??.??"]
[EventType "swiss"]
[EventCountry "URU"]
[SourceTitle "playchess.com"]
[Source "ChessBase"]
[SourceQuality "1"]

{[%evp 13,100,15,42,-35,-33,-42,-32,-58,-75,-58,-45,-47,-45,-60,-7,-21,-12,-12,-12,-15,-18,-10,-6,-31,-4,-4,0,-8,0,0,14,0,0,-20,-11,-35,-29,-29,-25,-46,-34,-32,-34,-38,-25,-33,-33,-33,-18,-33,-33,-43,-17,-18,-19,-20,-27,-28,-32,-31,-31,-24,-39,-64,-51,-77,-21,-14,-15,-35,-8,-8,0,-8,0,0,0,0,0,0,0,0,0,0,0,0,0,0,0]} 1. d4 Nf6 2. c4 e6 3. Nc3 Bb4 4. e3 b6 5. Nge2 c5 6. a3 Ba5 7. Rb1 Qe7 {LiveBook: 95 Partien} 8. g3 {E42: Nimzoindisch (Rubinstein-System)} ({Günstiger ist} 8. d5 $14) (8. Bd2 O-O 9. Ng3 cxd4 10. exd4 Bxc3 11. Bxc3 Nc6 12. Be2 {½-½ (12) Peralta,F (2587)-Ortiz Suarez,I (2564) Badalona 2016}) 8... cxd4 $146 ({Vorgänger:} 8... Bb7 9. d5 Ne4 10. Bg2 Nxc3 11. bxc3 d6 12. O-O O-O 13. e4 Nd7 14. Bf4 Rad8 15. h4 h6 16. dxe6 Qxe6 17. Bxd6 {0-1 (25) Frayna,J (2204)-Antonio,R (2478) Manila 2015}) 9. exd4 Bb7 10. d5 {[#] Und b4 würde nun gewinnen.Schwarz steht etwas besser.} Bxc3+ 11. bxc3 O-O {[%cal Re6d5]} 12. Bg2 {d6 ist eine echte Drohung.} d6 13. O-O Qc7 (13... e5 $15) 14. Nd4 $11 Qxc4 15. Rb4 Qc8 16. dxe6 {[#] Droht stark Sf5.} Bxg2 17. exf7+ Rxf7 18. Kxg2 Na6 19. Rb2 Qxc3 20. Re2 Qc7 21. Rfe1 Qd7 22. Bb2 Nc5 23. f3 Raf8 24. Qd2 Nd5 25. Ba1 Ne7 26. Kg1 Nc6 27. f4 Nxd4 28. Qxd4 Nb3 29. Qd5 Nxa1 30. Rxa1 Qc7 31. Kg2 Qc5 32. Rd2 Rd8 (32... Re8 {feels hotter.} 33. Kh3 Rd8 34. a4 Kf8 35. Rad1 Rc7) 33. a4 Qxd5+ 34. Rxd5 {[%mdl 4096] Endspiel KTT-KTT} Rc7 35. Rad1 Rc2+ 36. Kf3 Kf7 37. h4 $1 Ke7 38. h5 Rc5 39. g4 {[%cal Bg3g4,Bg4g5][%mdl 32]} Ke6 (39... Rxd5 $17 40. Rxd5 Rc8) 40. f5+ Ke7 41. g5 Rxd5 42. Rxd5 $15 {KT-KT. Die Stellung ist ausgeglichen.} Rc8 43. Rd4 h6 44. Re4+ Kd7 45. gxh6 gxh6 46. Re6 Rc3+ 47. Kg4 Rc4+ 48. Kg3 Rc5 49. Kg4 Rc4+ 50. Kg3 Rc5 {Precision: Weiß = 64%, Schwarz = 60%.} 1/2-1/2

[Event "American Continental-ch 2018"]
[Site "Montevideo"]
[Date "2018.06.07"]
[Round "8"]
[White "Alonso, Salvador"]
[Black "Santarius, Erik"]
[Result "1/2-1/2"]
[WhiteElo "2519"]
[BlackElo "2387"]
[Annotator "TA"]
[PlyCount "87"]
[EventDate "2018.??.??"]
[EventType "swiss"]
[EventCountry "URU"]
[SourceTitle "playchess.com"]
[Source "ChessBase"]
[SourceQuality "1"]

{[%evp 15,87,12,12,14,6,7,38,16,16,16,24,0,0,0,78,93,94,27,29,16,104,91,138,134,143,129,128,-78,-49,-78,-75,-70,-71,-84,-64,-54,-47,-125,-77,-88,-88,-77,-87,-99,-30,-30,-30,-30,-30,-31,0,0,0,0,0,0,0,0,0,0,0,0,0,0,0,0,0,0,0,0,0,0,0,-29987]} 1. e4 c6 2. d4 d5 3. Nd2 {[%cal Bb1d2,Bd2e4,Be4g5][%mdl 32]} dxe4 4. Nxe4 Nd7 5. Ng5 Ngf6 6. Bd3 e6 7. Qe2 Bd6 8. N1f3 h6 9. Ne4 {B17: Caro-Kann: Modern Line (4...Nd7)} Nxe4 10. Qxe4 Qe7 (10... Qc7 11. O-O b6 12. Qg4 Kf8 13. Re1 c5 14. Qh4 Bb7 15. Be4 Be7 16. Qh3 Bxe4 17. Rxe4 Rd8 18. c3 Qb7 19. Re2 Kg8 {½-½ (75) Duda,J (2707)-Ivanchuk,V (2728) Tbilisi 2017}) 11. Bd2 {White is slightly better.} e5 12. dxe5 $146 ({Predecessor:} 12. O-O-O Nf6 13. Qh4 Ng4 14. Qxe7+ Bxe7 15. Rhf1 exd4 16. h3 Nf6 17. Nxd4 {1-0 (49) Wen,Y (2327)-Garnelius,J (2103) Agneaux 2005}) 12... Nxe5 13. O-O-O {Nxe5 is the strong threat.} Nxd3+ 14. Qxd3 {aiming for Qd4.} Be6 (14... Bc5 $1 $11) 15. Qd4 $1 $36 {[%mdl 2048] Black is under strong pressure.} Rg8 16. Bf4 (16. Be3 $16 Bc7 17. Rhe1) 16... Bc5 $11 17. Qd3 Qf6 (17... g5 $11 {keeps the balance.} 18. Be3 Bxe3+ 19. Qxe3 g4) 18. Be5 $16 Qg6 {[#]} 19. Qc3 $1 {[%cal Rc3c5]} Bxf2 20. Rd2 Bb6 21. a4 $2 {[#]} (21. Re1 $16 {keeps the pressure on.}) 21... Qe4 $1 $17 {Strongly threatening ...Be3.} 22. Bd4 {next Re1 is good for White.} O-O-O 23. Re1 Bxd4 24. Rxd4 Qg6 25. a5 a6 26. b3 (26. g3 $15) 26... Rxd4 27. Nxd4 Qxg2 28. Nxe6 fxe6 29. Rxe6 {[%mdl 4096] Endgame KQR-KQR} Rd8 (29... Qxh2 $17 30. Kb2 Kb8) 30. Kb2 $11 Qxh2 31. Qxg7 Qd2 32. Qe5 Qd4+ 33. Qxd4 {The position is equal.} Rxd4 34. Rxh6 {KR-KR} Rd5 35. b4 c5 36. c4 Rd2+ 37. Kc3 Ra2 38. Rh8+ Kc7 39. Rh7+ Kc6 {With the idea ...Ra3+.} 40. Rh6+ Kc7 41. Rh7+ Kc6 42. Rh6+ Kc7 {Black wants to play ...Ra3+.} 43. Rh7+ Kc6 {Threatening ...Ra3+.} 44. Rh3 $2 {[%mdl 40960] Precision: White = 45%, Black = 64%. . An unexpected result.} (44. b5+ $11 axb5 45. cxb5+ Kxb5 46. Rxb7+ Ka6 47. Rb8) 1/2-1/2

[Event "American Continental-ch 2018"]
[Site "Montevideo"]
[Date "2018.06.07"]
[Round "8"]
[White "Henriquez Villagra, Cristobal"]
[Black "Liang, Awonder"]
[Result "0-1"]
[WhiteElo "2518"]
[BlackElo "2571"]
[Annotator "TA"]
[PlyCount "110"]
[EventDate "2018.??.??"]
[EventType "swiss"]
[EventCountry "URU"]
[SourceTitle "playchess.com"]
[Source "ChessBase"]
[SourceQuality "1"]

{[%evp 14,110,-5,-22,0,-33,-27,-35,-37,-38,-33,-55,-40,-58,-16,-20,-13,-20,-4,-20,-10,-16,0,0,0,0,0,0,0,0,2,2,4,3,3,4,23,0,0,0,0,0,0,-12,0,0,0,-11,0,-14,0,-32,-32,-32,-35,-51,-37,-103,-100,-91,-91,-132,0,0,0,0,0,0,0,0,0,0,0,0,0,-15,0,-502,-506,-519,-502,-519,-495,-511,-480,-553,0,0,0,-708,-659,-783,-770,-729,-706,-962,-920,-5361,-5361]} 1. c4 Nf6 2. g3 e6 3. Bg2 d5 {[%cal Bd7d5,Bd5d4][%mdl 32]} 4. Nf3 Be7 5. O-O O-O 6. d3 c5 7. Nc3 d4 8. Na4 {LiveBook: 6 Partien. A14: Reti-Eröffnung} a6 $146 ({Vorgänger:} 8... Nc6 9. e4 e5 10. Ne1 a6 11. b3 b5 12. Nb2 Bg4 13. Qd2 Bd7 14. Qe2 Bg4 15. Qd2 Qd7 {½-½ (33) Berkes,F (2648)-Iovcov,V (2421) Reykjavik 2015}) 9. b3 (9. b4 $5) 9... b5 10. Nb2 {Schwarz hat minimalen Vorteil.} Bb7 11. e4 dxe3 12. fxe3 Nc6 13. Qe2 Qc7 14. Nd1 Nd7 15. Bb2 Bf6 16. Bxf6 Nxf6 17. Rc1 {[%cal Ba1c1,Bc1c2,Bc2d2,Bd2d4][%mdl 32]} Ne5 18. Nxe5 Bxg2 19. Kxg2 {Und d4 würde nun gewinnen.} Qxe5 20. Nf2 Rfd8 21. Rc2 b4 22. Rd1 a5 23. d4 Qc7 24. Qf3 a4 25. Rcd2 axb3 26. axb3 cxd4 27. Rxd4 Rf8 28. e4 {Droht e5! und aus.} h6 29. R1d2 Ra3 30. R4d3 Rfa8 31. Qf4 Qc6 32. Kh3 Nh7 {[%cal Bf6h7,Bh7f8,Bf8g6][%mdl 32]} 33. Rd8+ Nf8 $1 34. Ng4 {Droht stark Se5.} Qc5 35. Qe5 (35. Rxa8 $15 Rxa8 36. Ne5) 35... Qe7 $1 $17 36. Rxa8 Rxa8 37. Kg2 Ng6 ({Günstiger ist} 37... Ra3 $1 $17 38. Rb2 Qa7) 38. Qb5 $11 Ra3 39. Rd7 $1 $36 {[%cal Rd7e7][%mdl 2048] Schwarz steht unter Druck.} Ra2+ 40. Kg1 Ra1+ 41. Kg2 Ra2+ 42. Kf1 Qf8 43. Qb6 {Und weiter mit Td8 wäre nett.} Ra8 44. c5 h5 {[%cal Bh6h5,Bh5g4][%mdl 32]} 45. c6 $2 {[%mdl 8192]} (45. Nf2 $1 $11) 45... hxg4 $19 46. c7 {Schwarz muss nun Td8 beachten.} Kh7 (46... Ra1+ 47. Ke2 $11) 47. Rd8 Ra1+ 48. Ke2 {[#]} Qe7 $1 {[%cal Re7f6] ...Df6 ist eine echte Drohung.} 49. Qb5 {[%cal Rb5h5] [#]} (49. c8=Q Qf6) 49... Nf4+ $1 {[%mdl 512]} 50. gxf4 $11 {[%cal Rb5h5][%mdl 4096] Endspiel KDT-KDT} Qh4 $1 {( -> ...Te1+)} 51. Qxb4 $2 {[%mdl 8192]} ({Nur nicht} 51. c8=Q $2 Qe1+ 52. Kd3 Qf1+ 53. Ke3 Re1+ 54. Kd2 Qf2+ 55. Kd3 Qe2+ 56. Kd4 Qxb5 $19) ({Aber nicht} 51. Rh8+ $2 Kxh8 52. c8=Q+ Kh7 $19) (51. Qe5 $11 Qxh2+ 52. Kd3 Qh3+ 53. Kc4 Qf1+ 54. Kd4 (54. Kxb4 Qe1+ 55. Kc4 Qf1+ 56. Kd4 Qf2+ 57. Kc4 Qf1+ 58. Kd4 Qf2+ 59. Kd3 Qf1+ 60. Ke3 Qc1+ 61. Kd3 Qf1+ 62. Kd2 Qd1+ 63. Kc3 Qc1+ 64. Kd3 Qf1+ $11) 54... Qf2+ 55. Kc4 Qf1+ 56. Kxb4 Qe1+ 57. Kc4 Qf1+ 58. Kd4 Qf2+ 59. Kd3 Qf1+ 60. Ke3 Qc1+ 61. Kd3 Qf1+ 62. Ke3 Qc1+ 63. Kd3 Qf1+) 51... Qxh2+ $19 {Schwarz steht klar auf Gewinn.} 52. Kd3 {zielt auf Dd2 ab.} Rd1+ 53. Kc4 Rc1+ 54. Qc3 Qe2+ 55. Kd4 Qf2+ {Precision: Weiß = 50%, Schwarz = 76%.} 0-1

[Event "American Continental-ch 2018"]
[Site "Montevideo"]
[Date "2018.06.07"]
[Round "8"]
[White "Vera Siguenas, Deivy"]
[Black "Gemy, Jose Daniel"]
[Result "1-0"]
[WhiteElo "2516"]
[BlackElo "2393"]
[Annotator "TA"]
[PlyCount "73"]
[EventDate "2018.??.??"]
[EventType "swiss"]
[EventCountry "URU"]
[SourceTitle "playchess.com"]
[Source "ChessBase"]
[SourceQuality "1"]

{[%evp 21,73,-13,54,23,23,25,32,14,27,26,281,0,20,27,24,29,49,43,57,50,54,33,58,54,75,63,100,78,87,84,127,112,112,79,91,18,2,20,16,0,321,333,321,321,341,324,749,736,1021,525,579,567,29992,29993]} 1. e4 e5 2. Nf3 Nc6 3. d4 exd4 4. Bc4 Nf6 5. e5 d5 6. Bb5 Ne4 7. Nxd4 Bd7 8. Bxc6 bxc6 9. O-O Be7 10. f3 Nc5 11. f4 f5 ({Better is} 11... O-O $11) 12. b4 {C56: Two Knights: 4 d4 exd4 5 0-0 Nxe4} Ne4 13. e6 Bc8 $1 14. Bb2 {White is slightly better.} Bf6 $146 ({Predecessor:} 14... Qd6 15. Nxf5 Qxb4 16. Bxg7 Rg8 17. Qh5+ Kd8 18. c3 Qb6+ 19. Bd4 Qb2 20. g3 Bxe6 21. c4 Nxg3 22. Qxh7 Ne2+ 23. Kh1 Nxd4 24. Qxe7+ Kc8 25. Ne3 Bh3 {0-1 (25) Schweitzer,W (2056)-Matt,F (2188) Linz 2011}) 15. Nd2 {[%cal Bb1d2,Bd2f3,Bf3e5][%mdl 32]} c5 $2 {[%mdl 8192]} (15... Bb7 $11) 16. bxc5 $2 (16. Nc6 $18 Qd6 17. Nxe4 dxe4 18. Bxf6 Bxe6 19. Bxg7) 16... Bxd4+ (16... O-O {is more complex.} 17. Nxf5 Bxe6 18. Nd4 Bd7 19. Nxe4 dxe4 20. Qe2 Bxd4+ 21. Bxd4 Bb5) 17. Bxd4 O-O 18. Nf3 Bxe6 19. Ne5 Qe7 20. Qd3 a5 21. Rfd1 a4 22. Rab1 {[%cal Ba1b1,Bb1b3,Bb3b7,Bb7c7][%mdl 32]} a3 23. Qe3 Ra6 24. Rb3 Rfa8 25. Rdb1 {[%cal Bd1b1,Bb1b4,Bb4b7][%mdl 32]} Qe8 26. Rb7 Qc8 27. Nd3 h6 28. Be5 (28. R1b4 $16) 28... d4 $1 $11 {[%cal Rd4e3]} 29. Qxd4 Bxa2 30. R1b4 Bf7 $2 {[%mdl 8192]} (30... Rc6 $1 $11 {and Black has nothing to worry.}) 31. Rxc7 $18 Qe6 {[#]} 32. Rbb7 $1 ({Not} 32. Bxg7 Qd5 $16) 32... a2 33. Qa1 Rf8 $2 (33... Nf6 34. Re7 Qc4 35. Rxf7 Qxf7 36. Rxf7 Kxf7) 34. Bxg7 {[%cal Be5g7,Bg7f8,Bf8c5][%mdl 32]} Nxc5 35. Bxf8 {[%csl Gf8][%cal Ra1g7]} Qe3+ 36. Kf1 {[%csl Gf8][%cal Ra1g7] [#]} Rg6 37. Bxc5 {Precision: White = 47%, Black = 35%.} 1-0

[Event "American Continental-ch 2018"]
[Site "Montevideo"]
[Date "2018.06.07"]
[Round "8"]
[White "Hungaski, Robert"]
[Black "Cordova, Emilio"]
[Result "1/2-1/2"]
[WhiteElo "2510"]
[BlackElo "2621"]
[Annotator "TA"]
[PlyCount "95"]
[EventDate "2018.??.??"]
[EventType "swiss"]
[EventCountry "URU"]
[SourceTitle "playchess.com"]
[Source "ChessBase"]
[SourceQuality "1"]

{[%evp 22,95,26,24,30,22,33,31,30,27,31,20,43,20,28,10,26,12,27,18,21,14,10,21,16,2,6,8,16,5,28,0,0,0,0,0,0,0,0,0,0,-5,-12,-23,-17,-13,-10,-33,-33,-72,-72,-77,-87,-78,0,0,0,0,0,-17,0,0,0,0,0,0,0,0,0,0,0,0,0,0,0,0]} 1. Nf3 c5 2. c4 b6 3. g3 Bb7 4. Bg2 Nf6 5. O-O d6 6. b3 g6 7. Bb2 Bg7 8. d4 cxd4 9. Qxd4 Nbd7 10. Nc3 O-O 11. Ne1 {A30: Symmetrical English: Double Fianchetto and Hedgehog} (11. Qd2 a6 12. Rfd1 Rc8 13. Rac1 Re8 14. Ne1 Qc7 15. Nd5 Qb8 16. Bh3 Ne4 17. Qc2 Bxb2 18. Qxb2 e6 {½-½ (41) Svidler,P (2760)-Gelfand,B (2695) Moscow 2018}) 11... Bxg2 12. Nxg2 {LiveBook: 3 Games} a6 13. Ne3 {White has an edge.} Rb8 14. Rfd1 $146 ({Predecessor:} 14. Ncd5 b5 15. Rfc1 Ne5 16. Nxf6+ Bxf6 17. Qd2 Bg7 18. cxb5 Rxb5 {0-1 (51) Filep,T (2246)-Feher,G (2394) Hungary 2000}) 14... Re8 15. Rac1 Qc8 16. Ncd5 h5 17. Rc2 Qb7 18. Qf4 Rbc8 19. Qf3 Qb8 20. Bxf6 Nxf6 21. Nxf6+ Bxf6 22. Nd5 Bg7 23. Rdc1 Bh6 24. e3 Bg7 25. a4 Kf8 26. b4 Qb7 {Black wants to play ...e6.} 27. Kg2 e6 28. Nf4 Qxf3+ 29. Kxf3 Rc7 30. Ke2 Rec8 31. Kd3 Ke8 32. h4 Bf8 33. Ne2 Be7 34. Nd4 e5 35. Nb3 d5 36. c5 bxc5 37. Nxc5 {[#]} Bxc5 ({Much worse is} 37... a5 $6 38. Na6 $14) (37... e4+ $1 $17 38. Kd2 Bxc5 39. bxc5 (39. Rxc5 Rxc5 40. bxc5 Kd7 $17) 39... Ke7) 38. Rxc5 $11 {The position is equal.} Rxc5 39. bxc5 $17 {[%mdl 4096] Endgame KR-KR} Kd7 40. e4 Ke6 41. Rb1 Rxc5 {[#] ...dxe4+ is the strong threat.} 42. Rb6+ Kd7 43. Rxa6 d4 44. Kd2 Rc3 45. Ra7+ Ke6 46. Ra6+ Ke7 47. Ra7+ Ke6 48. Ra6+ {Precision: White = 56%, Black = 63%.} 1/2-1/2

[Event "American Continental-ch 2018"]
[Site "Montevideo"]
[Date "2018.06.07"]
[Round "8"]
[White "Rodriguez Vila, Andres"]
[Black "Varacalli, Francisco"]
[Result "1/2-1/2"]
[WhiteElo "2483"]
[BlackElo "2312"]
[Annotator "TA"]
[PlyCount "92"]
[EventDate "2018.??.??"]
[EventType "swiss"]
[EventCountry "URU"]
[SourceTitle "playchess.com"]
[Source "ChessBase"]
[SourceQuality "1"]

{[%evp 16,92,0,4,14,9,10,0,0,-18,0,-25,-27,-22,0,9,18,18,40,34,32,13,21,-8,18,5,32,35,16,11,25,9,45,0,0,-58,-39,-75,-35,-95,-11,-131,-140,-275,-270,-252,425,416,762,728,838,841,829,828,29980,741,677,706,679,630,597,543,29980,12831,12814,9009,1486,62,32,0,0,0,0,0,0,0,0,0,0]} 1. e4 e5 2. Nf3 Nc6 3. Bc4 Bc5 4. O-O Nf6 5. d3 d6 6. a4 a5 {C50: Hungarian Defence and Giuoco Pianissimo} 7. c3 h6 8. Na3 O-O 9. Re1 {LiveBook: 5 Games} Be6 10. Bxe6 fxe6 11. Nc2 Ba7 $146 ({Predecessor:} 11... Qe8 12. Be3 Bxe3 13. Nxe3 Qg6 {1-0 (66) Aronian,L (2795)-Tomashevsky,E (2731) Moscow 2016}) 12. d4 exd4 13. cxd4 Qd7 14. Be3 Ne7 (14... Nxe4 15. d5 $16) 15. Nd2 {[%cal Bf3d2,Bd2f1,Bf1g3,Bg3h5][%mdl 32]} d5 16. e5 Ne8 {[%cal Bf6e8,Be8c7,Bc7a6,Ba6c5,Bc5e4][%mdl 32]} 17. f4 c6 18. Kh1 Nc7 19. Nf1 Rf7 20. Qd2 Bb6 21. g4 Na6 22. Ng3 c5 23. Nh5 {And now f5 would win.} cxd4 24. Nxd4 Nc5 25. Rad1 (25. f5 $11 exf5 26. Bg1) 25... Ne4 $15 (25... Nxa4 $2 26. f5 $1 $18 {[%mdl 512]}) 26. Qg2 Bxd4 (26... Ng6 {looks sharper.} 27. Rf1 Raf8 28. f5 Bxd4 29. Bxd4 exf5 30. Nf6+ Nxf6 31. e6 Qxe6 32. gxf5 Qe4) 27. Bxd4 (27. Rxd4 $15 Nc6 28. Rdd1) 27... Nc6 ({Better is} 27... Qxa4 $17 {Strongly threatening ...Rc8.} 28. f5 Rc8 29. Nf6+ gxf6 30. fxe6 Rff8 31. exf6 Rc2 32. fxe7 Rxg2 33. exf8=R+ Kxf8 34. Kxg2 Ke7) 28. g5 (28. Bc3 $11 {remains equal.} Qc7 29. Rf1) 28... hxg5 $17 29. fxg5 (29. Bc3 $17 Qc8 30. Rxe4 dxe4 31. Qxg5) 29... Nxd4 $19 30. Rxd4 Rf2 $4 {[%mdl 8192]} (30... Qe8 $19 {avoids the disaster. aiming for ...Rc8.} 31. g6 Rf5) 31. Qg1 $1 $18 ({Stronger than} 31. Qxe4 Qf7 $17) 31... Qf7 {[#]} (31... Rc8 $142 32. Rexe4 Qf7) 32. Nf6+ $1 {[%mdl 512]} Nxf6 (32... gxf6 33. gxf6+) 33. gxf6 ({Less strong is} 33. Qxf2 Ne4 $14) 33... Rf5 34. Rg4 {[%cal Rg4g7]} g5 35. Rf1 (35. Rxg5+ $142 Rxg5 36. Qxg5+ Kf8 37. Qh6+ Ke8 38. Rg1 Rc8 39. Rg7 Qf8 40. Qg6+ Kd8 41. Rg8 Qxg8 42. Qxg8+ Kc7 43. Qxe6) 35... Rxf1 36. Rxg5+ ({Not} 36. Qxf1 Qh7 $18) 36... Kf8 37. Qxf1 {[%mdl 4096] Endgame White threatens Qh3 and mate. KQR-KQR} Qh7 38. Qc1 {Black must now prevent Qc5+.} Rd8 {If only Black now had time for ...Qe4+....} 39. Kg1 (39. Qc5+ $142 Ke8 40. Rg8+ $1 {[%mdl 512]} Kf7 41. Rg7+ Qxg7 42. Qe7+ Kg6 43. fxg7 Rg8 44. Qxe6+ Kxg7 45. Qxd5) 39... b6 40. Rg7 Qh4 {[#]} 41. Qe3 $2 (41. h3 $1 $18 {[%mdl 512]} Qh5 (41... Qxh3 42. Rg8+) 42. Qe3) 41... Rc8 $1 $14 42. Rg2 Rc4 {The position is equal.} 43. h3 Rxa4 44. Kh1 Re4 45. Qa3+ Rb4 {...Qe1+ is the strong threat.} 46. Qc3 {Intending Qc8+ and mate.} Rc4 $1 {Precision: White = 33%, Black = 41%.} 1/2-1/2

[Event "American Continental-ch 2018"]
[Site "Montevideo"]
[Date "2018.06.07"]
[Round "8"]
[White "Salinas Herrera, Pablo"]
[Black "De Dovitiis, Alejo"]
[Result "1-0"]
[WhiteElo "2463"]
[BlackElo "2343"]
[Annotator "TA"]
[PlyCount "67"]
[EventDate "2018.??.??"]
[EventType "swiss"]
[EventCountry "URU"]
[SourceTitle "playchess.com"]
[Source "ChessBase"]
[SourceQuality "1"]

{[%evp 28,67,81,81,84,92,84,74,88,75,97,56,54,46,80,77,170,182,195,172,204,192,260,247,406,398,384,322,371,266,462,461,437,353,357,356,344,343,350,262,609,501]} 1. d4 d6 2. e4 Nf6 3. Nc3 g6 4. Nf3 Bg7 5. Be2 O-O 6. O-O c5 7. d5 Na6 8. Re1 Nc7 9. a4 Bg4 10. Bf1 a6 11. h3 Bxf3 12. Qxf3 Nd7 13. Qd1 {A43: Schmid Benoni} Rb8 14. a5 b5 15. axb6 $1 {LiveBook: 3 Games. White is better.} Nxb6 16. Nb1 $146 {[%cal Bc3b1,Bb1d2,Bd2f3][%mdl 32]} ({Predecessor:} 16. Ra3 Qd7 17. Be3 f5 {0-1 (51) Vigoa Apecheche,Y (2333)-Ortiz Suarez,I (2608) Merida 2013}) 16... e6 17. dxe6 fxe6 18. c3 d5 19. exd5 exd5 20. Nd2 Qd7 21. Nf3 d4 (21... Qc6 $16) 22. cxd4 $18 cxd4 23. Bg5 (23. Bxa6 $6 Ra8 $14) 23... Ne6 24. Rxa6 ({Don't play} 24. Bxa6 $6 Nxg5 25. Nxg5 Qf5 $16) 24... Kh8 (24... d3 $142) 25. Bh4 Nc5 $2 {[#]} (25... d3 26. Ra3 (26. Qxd3 Qxd3 27. Bxd3 Nc5 $14) 26... Nd4 27. Rxd3 Nxf3+ 28. Rxf3 (28. gxf3 Qf5 $18) 28... Qxd1 29. Rxf8+ (29. Rxd1 Rxf3 30. gxf3 Bxb2 $16) 29... Rxf8 30. Rxd1 Bxb2) 26. Re7 Qd5 27. Raa7 Nbd7 28. Ra5 Rf7 $2 (28... Qb3 29. Qxb3 Rxb3) 29. Qc1 d3 30. Rxf7 Qxf7 31. Rxc5 Nxc5 32. Qxc5 Qd7 {intending ...d2.} 33. Ne5 Qa4 $2 {[#]} (33... Qf5) 34. Qd5 {Precision: White = 72%, Black = 25%.} 1-0